| 000 | 01817nam a22002657a 4500 | ||
|---|---|---|---|
| 999 |
_c57833 _d57833 |
||
| 003 | Ge_BSU | ||
| 005 | 20210304120839.0 | ||
| 008 | 210222s2020 xxu||||| |||| 00| 0 geo d | ||
| 020 | _a9789941488153 | ||
| 041 | _ageo | ||
| 080 | _a821.353.1.09 ტ-75 | ||
| 100 |
_aტრაპაიძე,ნანა _910126 |
||
| 245 |
_aლიტერატურა ლიტერატურის შესახებ : _bშესავალი ლიტერატურათმცოდნეობაში / _cნანა ტრაპაიძე, რედ : ლევან ბერძენიშვილი, გიორგი ხეოშვილი , ლექსო დორეული. |
||
| 264 |
_aბათუმი : _bბათუმის შოთა რუსთაველის სახელმწიფო უნივერსიტეტი, _c2020. |
||
| 300 |
_a304 გვ.: _b20სმ. |
||
| 500 | _aგარეკანზე გამოყენებულია რომაული მოზაიკა ,,ღმერთები, მუზები და რიტორები". | ||
| 501 | _aპირთა საძ.გვ.293-301 | ||
| 653 | _aლიტერატურა | ||
| 653 | _aლიტერატურათმცოდნეოპბის შესავალი | ||
| 700 |
_aბნერძენიშვილი, ლევან _eრედაქტორი _910183 |
||
| 700 |
_aხეოშვილი, გიორგი _eრედაქტორი _910184 |
||
| 700 |
_aდორეული, ლექსო _eრედაქტორი _94151 |
||
| 710 |
_aბათუმის შოთა რუსთაველის სახელმწიფო უნივერსიტეტი _910185 |
||
| 942 |
_2udc _cBK |
||